000 00599nmm a2200193Ia 4500
008 251105s9999||||xx |||||||||||||||||und||
020 _a9788437092386
041 _aspa
100 _aTraverso, Enzo
245 0 _aEl final de la modernidad judía :
_b Historia de un giro conservador
264 _a[Madrid, España] :
_bPublicaciones de la Universidad de Valencia (PUV),
_c2013
300 _a238 páginas
490 _aPrismas
650 _aSociology
700 _aTraverso, Enzo
700 1 _a Muñoz Veiga, Gustau
856 _uhttps://public.digitaliapublishing.com/a/34950
942 _cCF
999 _c72038
_d72038